[Event "Caracas FVA 80th Ann"]
[Site "Caracas"]
[Date "2015.12.18"]
[Round "5"]
[White "Brizuela Abreu, Ronald Jesus"]
[Black "Montes, Rangel"]
[Result "1/2-1/2"]
[WhiteElo "2313"]
[BlackElo "1970"]
[PlyCount "86"]
[EventDate "2015.12.16"]
[EventType "swiss"]
[EventRounds "8"]
[EventCountry "VEN"]
[SourceTitle "EXT 2018"]
[Source "ChessBase"]
[SourceDate "2017.10.13"]
[SourceVersion "1"]
[SourceVersionDate "2017.10.13"]
[SourceQuality "1"]

1. d4 d5 2. c4 e6 3. Nc3 Nf6 4. Nf3 c6 5. Bf4 Bd6 6. Bxd6 Qxd6 7. c5 Qc7 8. e3 0-0 9. Ne5 Nbd7 10. f4 Ne8 11. Bd3 Nxe5 12. fxe5 b6 13. b4 a5 14. cxb6 Qxb6 15. bxa5 Qxa5 16. Qc2 g6 17. 0-0 Ba6 18. Rfb1 Bxd3 19. Qxd3 Ng7 20. Rb7 Ra7 21. Rab1 Rxb7 22. Rxb7 Qa3 23. Rb3 Qa7 24. Qb1 c5 25. Ne2 cxd4 26. exd4 Nf5 27. Qb2 Ra8 28. a3 h5 29. Kf2 Kg7 30. g3 Qe7 31. Qc1 Ra4 32. Qc8 Rc4 33. Qa8 Rc2 34. Rb8 Nh6 35. Rh8 f6 36. Ke1 fxe5 37. dxe5 Qc5 38. Qd8 Rxe2+ 39. Kxe2 Qc2+ 40. Kf1 Qd1+ 41. Kg2 Qe2+ 42. Kg1 Qe1+ 43. Kg2 Qe2+ 1/2-1/2

[Event "Caracas Bandes Cup 1st"]
[Site "Caracas"]
[Date "2014.03.02"]
[Round "4"]
[White "Gascon del Nogal, Carlos Arturo"]
[Black "Montes, Rangel"]
[Result "1/2-1/2"]
[WhiteElo "1906"]
[BlackElo "1996"]
[PlyCount "84"]
[EventDate "2014.03.01"]
[EventType "swiss"]
[EventRounds "7"]
[EventCountry "VEN"]
[SourceTitle "EXT 2018"]
[Source "ChessBase"]
[SourceDate "2017.10.13"]
[SourceVersion "1"]
[SourceVersionDate "2017.10.13"]
[SourceQuality "1"]

1. d4 d5 2. c4 e6 3. g3 c6 4. Bg2 dxc4 5. Nf3 Nd7 6. 0-0 Ngf6 7. Nbd2 Nb6 8. Qc2 Be7 9. Nxc4 Nxc4 10. Qxc4 0-0 11. Ne5 Nd5 12. e4 Nb6 13. Qc3 f6 14. Nc4 Na4 15. Qd2 b5 16. Ne3 Bb7 17. b3 Nb6 18. Bb2 c5 19. d5 Qd7 20. Rfd1 Rfd8 21. Bh3 f5 22. Qc3 Bf8 23. dxe6 Qxe6 24. Bxf5 Qe7 25. e5 Bf3 26. Rxd8 Rxd8 27. Ng4 Ba8 28. Re1 h5 29. Nf6+ gxf6 30. exf6 Qf7 31. Qe3 Kh8 32. Qg5 Rd5 33. Be5 Rxe5 34. Rxe5 Bf3 35. Be6 Qh7 36. Rf5 Bg4 37. f7 Qg7 38. Qf4 Bxf5 39. Qxf5 h4 40. Qh5+ Qh7 41. Qe5+ Qg7 42. Qh5+ Qh7 1/2-1/2

[Event "Caracas Onapre Cup 3rd"]
[Site "Caracas"]
[Date "2013.07.07"]
[Round "6"]
[White "Ginnari Vasquez, Miguel Alejandro"]
[Black "Montes, Rangel"]
[Result "1/2-1/2"]
[WhiteElo "2029"]
[BlackElo "1985"]
[PlyCount "92"]
[EventDate "2013.07.04"]
[EventType "swiss"]
[EventRounds "7"]
[EventCountry "VEN"]
[SourceTitle "EXT 2018"]
[Source "ChessBase"]
[SourceDate "2017.10.13"]
[SourceVersion "1"]
[SourceVersionDate "2017.10.13"]
[SourceQuality "1"]

1. e4 d5 2. exd5 Qxd5 3. Nc3 Qd8 4. d4 c6 5. Nf3 Bf5 6. Bc4 e6 7. 0-0 Nf6 8. Re1 Bb4 9. Nh4 Bg4 10. f3 Bh5 11. Nf5 0-0 12. Ng3 Bg6 13. Bg5 Nbd7 14. Nge4 Qa5 15. Nxf6+ Nxf6 16. Bxf6 gxf6 17. Re3 Rad8 18. Ne2 Bd2 19. Ra3 Qb4 20. Rb3 Qxc4 21. Qxd2 Rd7 22. c3 e5 23. Rb4 Qa6 24. Qe3 Rfd8 25. dxe5 Rd3 26. Qh6 fxe5 27. h3 b5 28. h4 Qb6+ 29. Kh2 Qe3 30. Qxe3 Rxe3 31. Ng3 a5 32. Rg4 Kf8 33. h5 Bc2 34. Rc1 Bd3 35. Rd1 Rd5 36. Kg1 f5 37. Rg5 f4 38. Nf5 Bxf5 39. Rxd5 cxd5 40. Rxf5+ Ke7 41. Kf2 b4 42. cxb4 axb4 43. g3 Ke6 44. Rf8 Rd3 45. Ke2 Re3+ 46. Kf2 Rd3 1/2-1/2

[Event "Nuestra Senora de Chiquinquira Cup 13th"]
[Site "Maracaibo"]
[Date "2012.11.23"]
[Round "4"]
[White "Montes, Rangel"]
[Black "Gil Mavares, Ricardo Jose"]
[Result "1/2-1/2"]
[WhiteElo "2026"]
[BlackElo "1854"]
[PlyCount "61"]
[EventDate "2012.11.22"]
[EventType "swiss"]
[EventRounds "7"]
[EventCountry "VEN"]
[SourceTitle "EXT 2024"]
[Source "ChessBase"]
[SourceDate "2023.10.10"]
[SourceVersion "1"]
[SourceVersionDate "2023.10.10"]
[SourceQuality "1"]

1. d4 c6 2. c4 d5 3. Nc3 Nf6 4. e3 g6 5. Be2 Bg7 6. Nf3 0-0 7. 0-0 dxc4 8. Bxc4 b5 9. Bd3 Bb7 10. e4 e6 11. Bg5 h6 12. Bxf6 Bxf6 13. e5 Bg7 14. Ne4 Nd7 15. Rc1 Qb6 16. Nd6 c5 17. Nxb7 Qxb7 18. dxc5 Nxe5 19. Nxe5 Bxe5 20. Qe2 Qc7 21. g3 b4 22. Rc4 a5 23. b3 Rfc8 24. Be4 Rab8 25. c6 Bc3 26. Qd3 Kh7 27. h4 f5 28. Bf3 e5 29. h5 g5 30. g4 Bd4 31. Qe2 1/2-1/2